The wealth of information : A profile of the post-industrial economy

Sparad:
Bibliografiska uppgifter
Huvudupphovsman: Stonier, Tom
Materialtyp: Bok
Språk:Undetermined
Publicerad: London Thames Methuen 1983
Ämnen:
Taggar: Lägg till en tagg
Inga taggar, Lägg till första taggen!
Thư viện lưu trữ: Trung tâm Học liệu Trường Đại học Cần Thơ
LEADER 00668nam a2200217Ia 4500
001 CTU_97822
008 210402s9999 xx 000 0 und d
082 |a 330.914 
082 |b S881 
100 |a Stonier, Tom 
245 4 |a The wealth of information : 
245 2 |b A profile of the post-industrial economy 
245 0 |c Tom Stonier 
260 |a London 
260 |b Thames Methuen 
260 |c 1983 
650 |a Economic history,Technology,Great britain,great britain 
650 |x Economic aspects,Economic policy,economi conditions 
650 |y 1945-,1919-1997,1964- 1979 
904 |i M.Loan 
980 |a Trung tâm Học liệu Trường Đại học Cần Thơ